[Event "C.to Regionale Piemonte"]
[Site "Torino ITA"]
[Date "2008.04.23"]
[Round "4"]
[White "Boetto, Massimo"]
[Black "Martin, Tiziano"]
[Result "1/2-1/2"]
[WhiteElo "2022"]
[BlackElo "1977"]
[PlyCount "66"]
[EventDate "2008.04.20"]

1. e4 e6 2. d4 d5 3. e5 Bd7 4. Nf3 a6 5. Be3 Bb5 6. Nbd2 Bxf1 7. Kxf1 Nd7 8.
Nb3 c6 9. g3 Qc7 10. Kg2 c5 11. Nxc5 Nxc5 12. dxc5 Bxc5 13. Bxc5 Qxc5 14. Qd4
Qxd4 15. Nxd4 Rc8 16. c3 Ne7 17. Rhe1 Nc6 18. Rad1 b5 19. a4 bxa4 20. Nxc6 Rxc6
21. Rd4 a3 22. bxa3 Rxc3 23. Rb1 O-O 24. a4 Rfc8 25. Rdb4 R3c4 26. Rb8 g6 27.
Rxc8+ Rxc8 28. Rb6 Ra8 29. a5 Ra7 30. Kf3 Kf8 31. Ke3 Ke7 32. g4 h6 33. h4 Kd7
1/2-1/2

[Event "C.to Regionale Piemonte"]
[Site "Torino ITA"]
[Date "2008.04.23"]
[Round "4"]
[White "Di Chiara, Mauro"]
[Black "Zunino, Davide"]
[Result "1-0"]
[WhiteElo "1823"]
[BlackElo "1986"]
[PlyCount "63"]
[EventDate "2008.04.20"]

1. d4 Nf6 2. g3 e6 3. Nf3 b5 4. Bg2 Bb7 5. O-O c5 6. a4 b4 7. c4 Na6 8. b3 d5
9. Nbd2 Be7 10. Bb2 O-O 11. cxd5 exd5 12. dxc5 Nxc5 13. Nd4 Qd7 14. Rc1 Rac8
15. N2f3 Nce4 16. Ne5 Rxc1 17. Qxc1 Qc8 18. Nec6 Bc5 19. Qxc5 Nxc5 20. Ne7+ Kh8
21. Nxc8 Rxc8 22. Rc1 Nfe4 23. Bh3 Rd8 24. f3 Ng5 25. Bf5 Nge6 26. Nxe6 Nxe6
27. Bxe6 f6 28. Rc7 Ba6 29. Rxa7 Bxe2 30. Bxd5 h6 31. Ra8 Rxa8 32. Bxa8 1-0

[Event "C.to Regionale Piemonte"]
[Site "Torino ITA"]
[Date "2008.04.23"]
[Round "4"]
[White "Ferretti, Carlo"]
[Black "Gallucci, Alessio"]
[Result "0-1"]
[WhiteElo "1963"]
[BlackElo "2175"]
[PlyCount "84"]
[EventDate "2008.04.20"]

1. f4 c5 2. Nf3 Nc6 3. e3 d5 4. d4 Bg4 5. c3 e6 6. Bd3 c4 7. Bc2 Bxf3 8. Qxf3
f5 9. Nd2 Nf6 10. O-O Qc7 11. Qe2 Bd6 12. Nf3 O-O 13. Ne5 Bxe5 14. fxe5 Ne4 15.
Bxe4 fxe4 16. Bd2 Ne7 17. Be1 Rxf1+ 18. Kxf1 Rf8+ 19. Kg1 Nf5 20. g4 Nh6 21.
Bg3 Rf3 22. Bf4 g5 23. Bxg5 Qg7 24. Bxh6 Qxh6 25. Rf1 Rxe3 26. Qf2 Rf3 27. Qe2
Qf4 28. Rxf3 exf3 29. Qf2 Kf7 30. h3 Kg6 31. Qe1 Kg5 32. Qf2 Qc1+ 33. Qf1 Qe3+
34. Qf2 Qc1+ 35. Kh2 Kf4 36. h4 Qd1 37. g5 Qe2 38. Kg1 Kg4 39. Qxe2 fxe2 40.
Kf2 Kxh4 41. Kxe2 Kxg5 42. Kf2 Kf4 0-1

[Event "C.to Regionale Piemonte"]
[Site "Torino ITA"]
[Date "2008.04.23"]
[Round "4"]
[White "Finocchiaro, Gianluca"]
[Black "Carnino, Luca"]
[Result "1-0"]
[WhiteElo "1991"]
[BlackElo "1849"]
[PlyCount "37"]
[EventDate "2008.04.20"]

1. e4 c5 2. c3 d5 3. exd5 Qxd5 4. d4 e5 5. Nf3 cxd4 6. cxd4 exd4 7. Nxd4 Nf6 8.
Nc3 Qd8 9. Bb5+ Bd7 10. O-O Be7 11. Nf5 O-O 12. Bxd7 Nbxd7 13. Qf3 b6 14. Bh6
Ne5 15. Qg3 Ng6 16. Rad1 Nh5 17. Qf3 Qc7 18. Nd5 Qc5 19. Be3 1-0

[Event "C.to Regionale Piemonte"]
[Site "Torino ITA"]
[Date "2008.04.23"]
[Round "4"]
[White "Giacomasso, Enrico"]
[Black "Barletta, Mauro"]
[Result "1/2-1/2"]
[WhiteElo "1970"]
[BlackElo "2205"]
[PlyCount "130"]
[EventDate "2008.04.20"]

1. e4 c6 2. d4 d5 3. e5 c5 4. Bb5+ Nc6 5. c3 cxd4 6. cxd4 Bf5 7. Nc3 e6 8. Nf3
h6 9. O-O g5 10. Qa4 Nge7 11. Be3 a6 12. Be2 Ng6 13. Rac1 Be7 14. Qd1 g4 15.
Ne1 h5 16. Bd3 Ngxe5 17. Bxf5 exf5 18. Qb3 Ng6 19. Qxb7 Na5 20. Qxd5 f4 21. Bd2
Rc8 22. Qf5 O-O 23. Nd5 Rxc1 24. Bxc1 Nc6 25. Nc2 f3 26. Bh6 fxg2 27. Re1 Nh4
28. Nxe7+ Nxe7 29. Qf6 Nef5 30. Qxd8 Rxd8 31. Be3 Nf3+ 32. Kxg2 Nxe1+ 33. Nxe1
Nxd4 34. Bg5 Re8 35. Nd3 Nf3 36. Be3 Rd8 37. Nc5 Rd6 38. Ne4 Rc6 39. Ng3 h4 40.
Nf5 Re6 41. Nh6+ Rxh6 42. Bxh6 Ne1+ 43. Kf1 Nd3 44. b3 Kh7 45. Bg5 h3 46. Ke2
Kg6 47. Bd2 Ne5 48. Bf4 Kf5 49. Ke3 Nf3 50. Bg3 Ne1 51. Kd2 Nf3+ 52. Ke3 Ke6
53. b4 Ne1 54. Kd2 Ng2 55. a4 Kd5 56. Kd3 f5 57. Bc7 Kc6 58. Be5 Ne1+ 59. Kc4
Ng2 60. b5+ axb5+ 61. axb5+ Kb6 62. Bd4+ Kb7 63. Be5 Kb6 64. Bd4+ Kb7 65. Be5
Kb6 1/2-1/2

[Event "C.to Regionale Piemonte"]
[Site "Torino ITA"]
[Date "2008.04.23"]
[Round "4"]
[White "Gussone, Claudio"]
[Black "Fassio, Francesco"]
[Result "0-1"]
[WhiteElo "1853"]
[BlackElo "1710"]
[PlyCount "80"]
[EventDate "2008.04.20"]

1. d4 d5 2. Nf3 Nf6 3. g3 h6 4. Bg2 Bf5 5. O-O Nbd7 6. Nbd2 e6 7. c4 c6 8. Re1
Ne4 9. cxd5 cxd5 10. Nh4 Bh7 11. Nxe4 Bxe4 12. Bxe4 dxe4 13. e3 Nf6 14. f3 exf3
15. Nxf3 Be7 16. Ne5 O-O 17. Qf3 Qd5 18. Qxd5 exd5 19. Rf1 Rac8 20. Bd2 Ne4 21.
Rfd1 Rc2 22. Bc1 Rfc8 23. Nd3 g5 24. b4 b6 25. a3 Re2 26. Re1 Rcc2 27. Rxe2
Rxe2 28. Rb1 Rc2 29. Ne1 Rc3 30. g4 Bd6 31. Kg2 Kg7 32. Kg1 Kg6 33. Nf3 Rc2 34.
Ne5+ Kf6 35. Bb2 Nd2 36. Rc1 Rxb2 37. Rc6 Ne4 38. Nd3 Ra2 39. b5 Rxa3 40. Nb4
Ke6 0-1

[Event "C.to Regionale Piemonte"]
[Site "Torino ITA"]
[Date "2008.04.23"]
[Round "4"]
[White "Loccisano, Giuseppe"]
[Black "Berutti, Mario"]
[Result "0-1"]
[WhiteElo "1700"]
[BlackElo "1757"]
[PlyCount "64"]
[EventDate "2008.04.20"]

1. e4 e5 2. Nf3 Nf6 3. d4 Nxe4 4. Bd3 d5 5. Nxe5 Bd6 6. O-O O-O 7. Nd2 Nxd2 8.
Bxd2 Qh4 9. Nf3 Qh5 10. h3 Nd7 11. Bg5 f6 12. Be3 f5 13. Bg5 Nf6 14. Bxf6 Rxf6
15. Ne5 Qh6 16. f4 g5 17. fxg5 Qxg5 18. Qf3 Be6 19. c4 c6 20. Rae1 Kh8 21. Re2
Rg8 22. Rfe1 Qh4 23. Kh1 Rg3 24. Qf1 Qxd4 25. Nxc6 Qxd3 26. Nd8 Bd7 27. Nxb7
Bb4 28. Rc1 d4 29. a3 Bc6 30. axb4 Rxh3+ 31. Kg1 Rfh6 32. gxh3 Rg6+ 0-1

[Event "C.to Regionale Piemonte"]
[Site "Torino ITA"]
[Date "2008.04.23"]
[Round "4"]
[White "Medaglia, Enzo"]
[Black "Trusso Cafarello, Sebastiano"]
[Result "1-0"]
[WhiteElo "1820"]
[BlackElo "1521"]
[PlyCount "81"]
[EventDate "2008.04.20"]

1. e4 e5 2. Nf3 Nc6 3. Bb5 a6 4. Bxc6 dxc6 5. O-O Bd6 6. c3 Bg4 7. d3 Qf6 8.
Nbd2 O-O-O 9. h3 Be6 10. Qe2 g5 11. Nc4 h6 12. Ne3 Ne7 13. Kh2 h5 14. Nf5 Bxf5
15. Bxg5 Qe6 16. Bxe7 Qxe7 17. exf5 e4+ 18. g3 exf3 19. Qxf3 h4 20. Rae1 hxg3+
21. fxg3 Qg5 22. Kg2 Rhe8 23. Re4 Rxe4 24. dxe4 f6 25. h4 Qg7 26. Kh3 Be5 27.
Qe3 Kb8 28. g4 Rd6 29. g5 Qd7 30. Rf3 fxg5 31. hxg5 Qh7+ 32. Kg4 Qh2 33. f6
Qg2+ 34. Kf5 Bh2 35. a3 Be5 36. Kxe5 Qg4 37. Rf5 Rd5+ 38. Ke6 Qxf5+ 39. Kf7
Rd7+ 40. Kf8 Qxf6+ 41. gxf6 1-0

[Event "C.to Regionale Piemonte"]
[Site "Torino ITA"]
[Date "2008.04.23"]
[Round "4"]
[White "Moncelli, Giorgio"]
[Black "Fortino, Fabrizio"]
[Result "1/2-1/2"]
[WhiteElo "2099"]
[BlackElo "2079"]
[PlyCount "75"]
[EventDate "2008.04.20"]

1. d4 Nf6 2. c4 g6 3. Nc3 Bg7 4. e4 d6 5. f3 O-O 6. Bg5 h6 7. Be3 c5 8. d5 Nbd7
9. Qd2 Kh7 10. Nh3 Ne5 11. Nf2 e6 12. Be2 exd5 13. cxd5 a6 14. a4 Bd7 15. O-O
b5 16. f4 Neg4 17. Nxg4 Bxg4 18. e5 Bxe2 19. exf6 Bxf1 20. fxg7 Re8 21. Rxf1
Qe7 22. Re1 b4 23. Nd1 a5 24. b3 f5 25. Nb2 Qxg7 26. Nc4 Qf6 27. Bf2 Kg7 28.
Qb2 Qxb2 29. Nxb2 Rxe1+ 30. Bxe1 Re8 31. Bf2 Re2 32. Nc4 Rc2 33. Be1 Rc1 34.
Kf2 Rd1 35. Bd2 Kf8 36. Ke2 Rg1 37. Kf2 Rd1 38. Ke2 1/2-1/2

[Event "C.to Regionale Piemonte"]
[Site "Torino ITA"]
[Date "2008.04.23"]
[Round "4"]
[White "Parodi, Alessandro"]
[Black "Sattanino, Andrea"]
[Result "1-0"]
[WhiteElo "2041"]
[BlackElo "1840"]
[PlyCount "71"]
[EventDate "2008.04.20"]

1. d4 Nf6 2. c4 e5 3. Nf3 exd4 4. Nxd4 Bc5 5. Bg5 d6 6. Nc3 O-O 7. Nd5 Nxd5 8.
Bxd8 Bb4+ 9. Qd2 Bxd2+ 10. Kxd2 Rxd8 11. cxd5 Nd7 12. f3 Nb6 13. e4 Bd7 14. Rc1
Rac8 15. Bb5 a6 16. Bxd7 Rxd7 17. Rc2 h6 18. Rhc1 Kf8 19. Nb3 Na8 20. a4 Ke7
21. Nd4 Rf8 22. h4 Rh8 23. g4 g6 24. b4 Rc8 25. Rh1 Rdd8 26. a5 h5 27. g5 Kd7
28. Rhc1 Rf8 29. f4 Rce8 30. Kd3 Re7 31. Re2 Rc8 32. e5 dxe5 33. fxe5 Rce8 34.
Rce1 b6 35. Nc6 bxa5 36. bxa5 1-0

[Event "C.to Regionale Piemonte"]
[Site "Torino ITA"]
[Date "2008.04.23"]
[Round "4"]
[White "Pitrola, Carlo"]
[Black "Tallarico, Pierfrancesco"]
[Result "1/2-1/2"]
[WhiteElo "1827"]
[BlackElo "1882"]
[PlyCount "89"]
[EventDate "2008.04.20"]

1. d4 Nf6 2. c4 e6 3. Nc3 Bb4 4. Qc2 Nc6 5. Nf3 Qe7 6. a3 Bxc3+ 7. Qxc3 d6 8.
b4 Ne4 9. Qc2 f5 10. e3 O-O 11. Bd3 Ng5 12. Nd2 e5 13. d5 e4 14. dxc6 exd3 15.
Qxd3 bxc6 16. O-O Qf6 17. Nb3 Qg6 18. Kh1 Ba6 19. Na5 Qe6 20. b5 cxb5 21. cxb5
Qe5 22. Qb3+ Kh8 23. Bb2 Qxb5 24. Qxb5 Bxb5 25. Rfc1 c5 26. Nb7 Ne4 27. Kg1
Rab8 28. Na5 Bd3 29. Bc3 Rb5 30. Be1 Rfb8 31. f3 Nf6 32. Nc6 R8b7 33. Bg3 d5
34. Ne5 Be2 35. Re1 Rb2 36. Rac1 c4 37. Nc6 Bd3 38. Bf4 Rb1 39. Rxb1 Bxb1 40.
Nb4 Bd3 41. Rd1 Be2 42. Rd2 a5 43. Nxd5 Nxd5 44. Rxd5 h6 45. Rxa5 1/2-1/2

[Event "C.to Regionale Piemonte"]
[Site "Torino ITA"]
[Date "2008.04.23"]
[Round "4"]
[White "Rasulo, Stefano"]
[Black "Militello, Michele"]
[Result "0-1"]
[WhiteElo "1614"]
[BlackElo "1893"]
[PlyCount "44"]
[EventDate "2008.04.20"]

1. e4 e5 2. Nf3 d6 3. d4 Nf6 4. Nc3 Nbd7 5. Bc4 Be7 6. O-O O-O 7. Re1 c6 8. Bg5
b5 9. Bb3 a6 10. Nb1 exd4 11. Nxd4 Ne5 12. c3 c5 13. Nf3 Bb7 14. Nxe5 dxe5 15.
f3 c4 16. Bc2 Bc5+ 17. Kh1 Qb6 18. Qe2 Rad8 19. Nd2 Rd6 20. Rad1 Nh5 21. Be3
Rh6 22. Bxh6 Ng3+ 0-1

[Event "C.to Regionale Piemonte"]
[Site "Torino ITA"]
[Date "2008.04.23"]
[Round "4"]
[White "Sola, Giuseppe"]
[Black "Leoni, Alessandro"]
[Result "1-0"]
[WhiteElo "1989"]
[BlackElo "1897"]
[PlyCount "69"]
[EventDate "2008.04.20"]

1. e4 c5 2. Nf3 a6 3. d4 cxd4 4. Nxd4 Nf6 5. Nc3 e5 6. Nf3 Bb4 7. Bc4 Qc7 8.
Qd3 b5 9. Bd5 Nxd5 10. exd5 O-O 11. O-O f5 12. d6 Qxd6 13. Qxd6 Bxd6 14. Rd1
Bc5 15. Nxe5 Nc6 16. Nxd7 Bxd7 17. Rxd7 Rfe8 18. Kf1 Nd4 19. Bf4 Rac8 20. Rd1
Nxc2 21. Nd5 Nd4 22. Nc7 Re4 23. Be3 Ne6 24. Nxe6 Rxe6 25. Rd8+ Rxd8 26. Rxd8+
Bf8 27. Bc5 Rf6 28. Ra8 f4 29. Ke2 g6 30. Kf3 g5 31. Kg4 h6 32. Kh5 f3 33. gxf3
Rxf3 34. Rxf8+ Rxf8 35. Bxf8 1-0

[Event "C.to Regionale Piemonte"]
[Site "Torino ITA"]
[Date "2008.04.23"]
[Round "4"]
[White "Sorcinelli, Francesco"]
[Black "Saccona, Silvano"]
[Result "0-1"]
[WhiteElo "2078"]
[BlackElo "2178"]
[PlyCount "128"]
[EventDate "2008.04.20"]

1. Nf3 d5 2. c4 c6 3. g3 Nf6 4. Bg2 dxc4 5. Qc2 Nbd7 6. Na3 Nb6 7. Nxc4 Nxc4 8.
Qxc4 Be6 9. Qa4 Bd5 10. O-O e6 11. e3 Bxf3 12. Bxf3 Be7 13. d4 O-O 14. e4 Nd7
15. Bg2 Qc7 16. Be3 Rfe8 17. Rac1 Qb8 18. Qb3 a5 19. f4 a4 20. Qd1 Ra5 21. g4
Bd8 22. g5 Bb6 23. e5 Nf8 24. Rc4 Rd8 25. Rxa4 Qa7 26. Rxa5 Qxa5 27. Qb3 Qa7
28. Kh1 Bxd4 29. Bc1 Rd7 30. Rd1 Qa6 31. a3 c5 32. h4 Qe2 33. Qf3 Qc2 34. Qd3
Qf2 35. Qh3 Ng6 36. Rf1 Qxh4 37. Qxh4 Nxh4 38. Be4 g6 39. Rd1 Nf5 40. Kg2 Rc7
41. Kf3 b6 42. b3 Kg7 43. b4 cxb4 44. Bxf5 gxf5 45. Rxd4 Rxc1 46. Rxb4 Rc3+ 47.
Kf2 Rxa3 48. Rxb6 Ra7 49. Rb1 Ra2+ 50. Kf3 Rh2 51. Kg3 Rh5 52. Rb7 h6 53. gxh6+
Rxh6 54. Ra7 Kg6 55. Ra6 Rh8 56. Ra3 Rd8 57. Kf3 Rd7 58. Kg3 Kh5 59. Kf3 Rc7
60. Kg3 Rb7 61. Kf3 Kh4 62. Rc3 Rb1 63. Rc7 Rb3+ 64. Ke2 Kg4 0-1

[Event "C.to Regionale Piemonte"]
[Site "Torino ITA"]
[Date "2008.04.23"]
[Round "4"]
[White "Sorgi, Paolo"]
[Black "Quagliana, Giuseppe"]
[Result "0-1"]
[WhiteElo "1922"]
[BlackElo "2071"]
[PlyCount "154"]
[EventDate "2008.04.20"]

1. e4 e6 2. d4 d5 3. Nc3 Bb4 4. e5 c5 5. a3 Bxc3+ 6. bxc3 Ne7 7. Qg4 O-O 8. Nf3
Nbc6 9. Bd3 f5 10. exf6 Rxf6 11. Qh3 h6 12. Ne5 Nxe5 13. dxe5 Rf7 14. O-O Nf5
15. g4 Qh4 16. Qxh4 Nxh4 17. f4 Bd7 18. Be3 b6 19. h3 Raf8 20. Kh2 c4 21. Be2
Ba4 22. Kg3 Ng6 23. Rac1 Ne7 24. h4 Kh7 25. Bf3 h5 26. Rf2 hxg4 27. Bxg4 Nf5+
28. Bxf5+ Rxf5 29. Rh1 Kg6 30. Rhh2 Be8 31. Bd4 Kh6 32. Be3 Bh5 33. Bd4 Bg6 34.
Be3 Kh7 35. Bd4 Rh5 36. Be3 Be4 37. Kg4 Kg6 38. Rf1 Rfh8 39. Rff2 Kf7 40. Kg3
Ke7 41. Bc1 Kd7 42. Be3 Kc6 43. Rh3 Bf5 44. Rhh2 R8h6 45. Rfg2 Rg6+ 46. Kf2
Rxg2+ 47. Kxg2 Bxc2 48. Kg3 Bf5 49. a4 Rh6 50. Kf2 Rh7 51. Ke1 g6 52. Kf2 Bc2
53. a5 bxa5 54. Kg3 Be4 55. Ra2 Kb5 56. Rb2+ Ka6 57. Bc5 Rb7 58. Rxb7 Kxb7 59.
Kf2 a6 60. Ke3 Kc6 61. Bd6 Kd7 62. Kd2 Ke8 63. Kc1 Kf7 64. Kb2 a4 65. Kc1 Kg7
66. Be7 Kh6 67. Kb2 Kh5 68. Bf6 Kg4 69. Bg5 Kf3 70. Bh6 Ke2 71. Bf8 Kd3 72. Bc5
Ke2 73. Bf8 Ke3 74. Bh6 Kd3 75. Bf8 d4 76. cxd4 c3+ 77. Kc1 Kxd4 0-1

[Event "C.to Regionale Piemonte"]
[Site "Torino ITA"]
[Date "2008.04.23"]
[Round "4"]
[White "Termini, Luigi Robert"]
[Black "Marvin, Elio"]
[Result "1/2-1/2"]
[WhiteElo "1459"]
[BlackElo "1822"]
[PlyCount "124"]
[EventDate "2008.04.20"]

1. c4 e6 2. Nc3 c6 3. d4 d5 4. c5 f5 5. Nf3 Nf6 6. e3 Be7 7. Bd2 O-O 8. Be2 Ne4
9. Nxe4 fxe4 10. Ne5 Nd7 11. Nxd7 Bxd7 12. Qc2 Qe8 13. O-O Bd8 14. f3 Qh5 15.
Be1 Bc7 16. f4 Qh6 17. Bg3 Rae8 18. Rf2 Bd8 19. Raf1 Bh4 20. Bxh4 Qxh4 21. g3
Qh6 22. Qc3 g6 23. Bg4 Qg7 24. Bh3 Rf6 25. Qa5 a6 26. Qc7 Bc8 27. Qe5 Rf7 28.
a3 Rf6 29. b4 Qe7 30. a4 Rf7 31. a5 Ref8 32. Qg5 Kg7 33. Qxe7 Rxe7 34. Bg2 h5
35. h3 Ref7 36. Kh2 g5 37. Kg1 gxf4 38. gxf4 Kh6 39. h4 Rg8 40. Kh1 Rg4 41. Bh3
Rxh4 42. Rh2 Rf6 43. Rg1 Rf8 44. Rg5 Rf6 45. Kg2 Rg6 46. Rxg6+ Kxg6 47. Kg3
Rxh3+ 48. Kxh3 e5+ 49. Kg3 exd4 50. exd4 Bg4 51. Kf2 Kf5 52. Ke3 Bf3 53. Rc2 h4
54. Rc1 h3 55. Rc2 Kg4 56. Rb2 Kg3 57. f5 Bh5 58. f6 h2 59. Rb1 Bf7 60. Ra1 Bh5
61. Rb1 Kg2 62. Rb2+ Kg1 1/2-1/2

[Event "C.to Regionale Piemonte"]
[Site "Torino ITA"]
[Date "2008.04.23"]
[Round "4"]
[White "Torrione, William"]
[Black "Malano, Francesco"]
[Result "1-0"]
[WhiteElo "1935"]
[BlackElo "1939"]
[PlyCount "97"]
[EventDate "2008.04.20"]

1. d4 Nf6 2. c4 e6 3. g3 d5 4. Bg2 dxc4 5. Nf3 Nbd7 6. Nbd2 Nb6 7. O-O c5 8.
Nxc4 Nxc4 9. Qa4+ Bd7 10. Qxc4 b5 11. Qd3 c4 12. Qc2 Bc6 13. Bg5 Be7 14. Bxf6
Bxf6 15. e3 Rc8 16. a4 b4 17. Qxc4 a5 18. Rfc1 Bd7 19. Qb3 O-O 20. Nd2 Qb6 21.
Nc4 Qa6 22. Qd3 Rc7 23. b3 Rfc8 24. f4 g6 25. Kf2 Be8 26. Ke2 h5 27. Kd2 Bc6
28. Bxc6 Qxc6 29. Qf1 Qe4 30. Qh1 Qf5 31. Qf3 e5 32. e4 Qd7 33. d5 exf4 34. e5
Rxc4 35. Rxc4 Rxc4 36. bxc4 Bxe5 37. Ra2 fxg3 38. hxg3 Qh3 39. Ke3 Qxg3 40.
Qxg3 Bxg3 41. c5 Kf8 42. Kd4 f6 43. Re2 Be5+ 44. Kc4 Ke7 45. d6+ Kd8 46. Kd5 b3
47. c6 b2 48. c7+ Kd7 49. Rc2 1-0

[Event "C.to Regionale Piemonte"]
[Site "Torino ITA"]
[Date "2008.04.24"]
[Round "5"]
[White "Barletta, Mauro"]
[Black "Torrione, William"]
[Result "1/2-1/2"]
[WhiteElo "2205"]
[BlackElo "1935"]
[PlyCount "151"]
[EventDate "2008.04.20"]

1. e4 e5 2. Nf3 Nf6 3. Nxe5 d6 4. Nf3 Nxe4 5. Nc3 Nxc3 6. dxc3 Nc6 7. Bf4 a6 8.
Qd2 Be7 9. O-O-O Be6 10. Kb1 Qd7 11. Nd4 Nxd4 12. cxd4 d5 13. Bd3 O-O-O 14. Qa5
Qc6 15. Rhe1 Bd6 16. Bg5 Rde8 17. Rc1 Qb6 18. Qxb6 cxb6 19. c4 dxc4 20. Bxc4
Bxc4 21. Rxc4+ Kd7 22. Rcc1 Rxe1 23. Rxe1 Re8 24. Be3 b5 25. Kc2 Kc6 26. Kd3
Kd5 27. Rc1 f5 28. g3 g6 29. f3 Rd8 30. Bg5 Rd7 31. Bf4 Rd8 32. h4 Re8 33. h5
Rg8 34. Bxd6 Kxd6 35. h6 Rf8 36. Re1 g5 37. Re5 Rf6 38. g4 fxg4 39. fxg4 Rf3+
40. Ke2 Rh3 41. Rxg5 Rxh6 42. Rh5 Rg6 43. Kf3 Rf6+ 44. Rf5 Rh6 45. Rh5 Rf6+ 46.
Ke3 h6 47. b3 Rg6 48. Kf4 Rf6+ 49. Rf5 Rg6 50. b4 Ke6 51. a3 Kd6 52. d5 b6 53.
Rh5 Rf6+ 54. Ke4 a5 55. Rf5 Rg6 56. Kf4 axb4 57. axb4 Rg8 58. Rh5 Rf8+ 59. Ke4
Rf6 60. Rf5 Rg6 61. Kf4 Rg8 62. Rf6+ Kxd5 63. Rxb6 Kc4 64. Rxh6 Kxb4 65. g5 Kc3
66. Rc6+ Kd3 67. Rb6 Kc4 68. Kf5 b4 69. g6 b3 70. Kf6 Kc3 71. Kf7 Rxg6 72. Kxg6
b2 73. Kf5 Kc2 74. Rc6+ Kd2 75. Rd6+ Kc2 76. Rc6+ 1/2-1/2

[Event "C.to Regionale Piemonte"]
[Site "Torino ITA"]
[Date "2008.04.24"]
[Round "5"]
[White "Berutti, Mario"]
[Black "Angioni, Gian Carlo"]
[Result "0-1"]
[WhiteElo "1757"]
[BlackElo "1825"]
[PlyCount "138"]
[EventDate "2008.04.20"]

1. e4 e6 2. d4 d5 3. exd5 exd5 4. Nf3 Nf6 5. Bd3 Bd6 6. O-O O-O 7. Re1 Bg4 8.
Bg5 Nbd7 9. h3 Bh5 10. c4 c6 11. c5 Be7 12. Nc3 Re8 13. b4 b6 14. a4 a5 15. b5
bxc5 16. bxc6 Nf8 17. Nb5 c4 18. Bf5 Qb6 19. c7 Ne6 20. Bxe6 fxe6 21. g4 Bg6
22. Ne5 Bb4 23. Re3 Re7 24. Qf3 Rf8 25. Nxg6 hxg6 26. Qg3 Bd2 27. Re5 Bxg5 28.
Rxg5 Ne4 29. Qe5 Nxg5 30. Qxg5 Ref7 31. Rf1 c3 32. Qxg6 Rf6 33. Qc2 Rf3 34. Kg2
e5 35. c8=Q Rxc8 36. Kxf3 Rf8+ 37. Kg2 e4 38. Qxc3 Rf3 39. Qc7 Qh6 40. Qh2 Qd2
41. Qd6 Qa2 42. g5 Qb3 43. g6 Rf6 44. Qg3 Qxa4 45. Nc3 Qc6 46. Qb8+ Rf8 47. Qb3
Qxg6+ 48. Kh1 e3 49. Qxd5+ Kh8 50. Qg2 Qd3 51. Rg1 Qxd4 52. Qc6 exf2 53. Rf1
Qe3 54. Kg2 Qg5+ 55. Kh1 Qg3 56. Qg2 Qxc3 57. Qg4 Qc6+ 58. Kh2 Qe6 59. Kg2 Qd5+
60. Kh2 Qf3 61. Qh4+ Kg8 62. Qc4+ Qf7 63. Qb5 Qf4+ 64. Kg2 a4 65. Qd5+ Qf7 66.
Qd4 Qf3+ 67. Kh2 Qf4+ 68. Qxf4 Rxf4 69. Kg3 Rf6 0-1

[Event "C.to Regionale Piemonte"]
[Site "Torino ITA"]
[Date "2008.04.24"]
[Round "5"]
[White "Carnino, Luca"]
[Black "Ferretti, Carlo"]
[Result "1/2-1/2"]
[WhiteElo "1849"]
[BlackElo "1963"]
[PlyCount "159"]
[EventDate "2008.04.20"]

1. e4 e5 2. Nf3 Nf6 3. Nxe5 d6 4. Nf3 Nxe4 5. d4 d5 6. Bd3 Bd6 7. c4 Bb4+ 8.
Nbd2 Bf5 9. Qc2 O-O 10. O-O Nxd2 11. Bxd2 Bxd3 12. Qxd3 dxc4 13. Qxc4 Bxd2 14.
Nxd2 Nc6 15. Nf3 Qd6 16. Rac1 Rad8 17. Rfd1 Qd5 18. b4 Qxc4 19. Rxc4 Rd5 20. a4
a6 21. Kf1 Re8 22. Re1 Kf8 23. Re3 Red8 24. Rd3 R8d6 25. Ke2 b5 26. axb5 axb5
27. Rc1 Nxb4 28. Re3 Nc6 29. Rec3 Re6+ 30. Kf1 Nxd4 31. Nxd4 Rxd4 32. Rxc7 Rb6
33. Ra1 g6 34. Raa7 Rf4 35. Ra3 b4 36. Rb3 Re4 37. f3 Rh4 38. Kf2 Rxh2 39. Rc4
Rb5 40. Rbxb4 Rg5 41. Rg4 Rxg4 42. Rxg4 h5 43. Re4 Rh1 44. Re5 f6 45. Re6 Kf7
46. Rb6 Rd1 47. Ke2 Rd5 48. Kf2 Ke7 49. f4 Rd6 50. Rb5 Ke6 51. g3 Rd5 52. Rb6+
Kf5 53. Kf3 Rd3+ 54. Kg2 g5 55. fxg5 Kxg5 56. Rb4 f5 57. Kf2 Ra3 58. Kg2 Re3
59. Kf2 Re4 60. Rb3 h4 61. gxh4+ Rxh4 62. Rg3+ Kf4 63. Rf3+ Ke5 64. Re3+ Kf6
65. Kg3 Ra4 66. Re8 Rg4+ 67. Kf3 Ra4 68. Kg3 Ra1 69. Rf8+ Kg6 70. Rg8+ Kf7 71.
Rd8 Ra4 72. Rd6 Re4 73. Kf3 Re6 74. Rxe6 Kxe6 75. Kf4 Kf6 76. Kf3 Ke5 77. Ke3
f4+ 78. Kf3 Kf5 79. Kf2 Ke4 80. Ke2 1/2-1/2

[Event "C.to Regionale Piemonte"]
[Site "Torino ITA"]
[Date "2008.04.24"]
[Round "5"]
[White "Cavaliere, Simone"]
[Black "Gussone, Claudio"]
[Result "0-1"]
[WhiteElo "1895"]
[BlackElo "1853"]
[PlyCount "60"]
[EventDate "2008.04.20"]

1. e4 d6 2. d4 Nf6 3. Nc3 g6 4. Nf3 Bg7 5. h3 c6 6. a4 O-O 7. Be3 Nbd7 8. a5 e5
9. Be2 Re8 10. dxe5 dxe5 11. O-O Qc7 12. Bc4 Nf8 13. Ng5 Be6 14. Qe2 h6 15.
Nxe6 Nxe6 16. Rfd1 Nd7 17. Qf3 Nf6 18. Na4 Nd4 19. Bxd4 exd4 20. Rxd4 Nh7 21.
Rdd1 Ng5 22. Qb3 Nxe4 23. Rd3 Re7 24. Qb4 Rae8 25. Rad1 c5 26. Qb3 Bd4 27. Rf3
Ng5 28. Rg3 Qf4 29. Rxd4 cxd4 30. Qd3 Kh7 0-1

[Event "C.to Regionale Piemonte"]
[Site "Torino ITA"]
[Date "2008.04.24"]
[Round "5"]
[White "Fittante, Giuliana"]
[Black "Rasulo, Stefano"]
[Result "1/2-1/2"]
[WhiteElo "1854"]
[BlackElo "1614"]
[PlyCount "52"]
[EventDate "2008.04.20"]

1. c4 c6 2. Nc3 d5 3. cxd5 cxd5 4. g3 Nf6 5. Bg2 e6 6. d4 Nc6 7. Nf3 Bd6 8. O-O
O-O 9. b3 a6 10. Bb2 Re8 11. Rc1 Bd7 12. e3 Rc8 13. Ne1 Na7 14. Nd3 Bb5 15.
Nxb5 Nxb5 16. Qe2 Qe7 17. a4 Na7 18. f3 Nc6 19. Rfd1 Na5 20. e4 Ba3 21. Rxc8
Rxc8 22. Rc1 Rxc1+ 23. Nxc1 Bxb2 24. Qxb2 Qc7 25. Nd3 g6 26. Nc5 Nc6 1/2-1/2

[Event "C.to Regionale Piemonte"]
[Site "Torino ITA"]
[Date "2008.04.24"]
[Round "5"]
[White "Fortino, Fabrizio"]
[Black "Sorcinelli, Francesco"]
[Result "1/2-1/2"]
[WhiteElo "2079"]
[BlackElo "2078"]
[PlyCount "40"]
[EventDate "2008.04.20"]

1. e4 e5 2. Nf3 Nc6 3. Bb5 a6 4. Bxc6 dxc6 5. d4 exd4 6. Qxd4 Qxd4 7. Nxd4 Bd7
8. Be3 O-O-O 9. Nc3 Bb4 10. O-O-O Bxc3 11. bxc3 Ne7 12. f3 Rhe8 13. Rhe1 f5 14.
exf5 Nxf5 15. Bf2 Nxd4 16. cxd4 Rxe1 17. Rxe1 Re8 18. Rxe8+ Bxe8 19. Kd2 Kd7
20. c4 Bf7 1/2-1/2

[Event "C.to Regionale Piemonte"]
[Site "Torino ITA"]
[Date "2008.04.24"]
[Round "5"]
[White "Gallucci, Alessio"]
[Black "Finocchiaro, Gianluca"]
[Result "0-1"]
[WhiteElo "2175"]
[BlackElo "1991"]
[PlyCount "54"]
[EventDate "2008.04.20"]

1. e4 d5 2. exd5 Qxd5 3. Nc3 Qe5+ 4. Nge2 c6 5. d4 Qc7 6. Bf4 Qa5 7. d5 Nf6 8.
dxc6 Nxc6 9. Nd4 e5 10. Nxc6 bxc6 11. Qf3 Rb8 12. O-O-O Qb4 13. Bxe5 Qxb2+ 14.
Kd2 Bg4 15. Qxc6+ Bd7 16. Qa6 Ne4+ 17. Nxe4 Qxe5 18. Re1 Bb4+ 19. c3 O-O 20.
cxb4 Qb2+ 21. Ke3 Rfe8 22. Bd3 f5 23. Rb1 Qe5 24. Qc4+ Be6 25. Qc5 Bd5 26. f3
Rbc8 27. Qd4 f4+ 0-1

[Event "C.to Regionale Piemonte"]
[Site "Torino ITA"]
[Date "2008.04.24"]
[Round "5"]
[White "Giacomasso, Enrico"]
[Black "Parodi, Alessandro"]
[Result "1/2-1/2"]
[WhiteElo "1970"]
[BlackElo "2041"]
[PlyCount "105"]
[EventDate "2008.04.20"]

1. e4 d6 2. d4 Nf6 3. Nc3 g6 4. Nf3 Bg7 5. Be2 O-O 6. O-O c5 7. h3 cxd4 8. Nxd4
Nc6 9. Nb3 a6 10. a4 b6 11. f4 Bb7 12. Bf3 b5 13. a5 Nd7 14. Nd5 e6 15. Nc3 Nc5
16. Nxc5 dxc5 17. e5 Qc7 18. Bxc6 Qxc6 19. Qe2 Rfd8 20. Bd2 Qxg2+ 21. Qxg2 Bxg2
22. Kxg2 Rxd2+ 23. Rf2 Rad8 24. Ne4 Rxf2+ 25. Kxf2 Bf8 26. Ke2 Be7 27. c3 Kg7
28. Rg1 h6 29. Ng3 f5 30. Nf1 c4 31. Rg3 Bh4 32. Rf3 g5 33. Ne3 Kg6 34. Nc2 g4
35. hxg4 fxg4 36. Rf1 Bg3 37. Nd4 Rxd4 38. cxd4 Kf5 39. Ke3 h5 40. d5 exd5 41.
Kd4 h4 42. Kxd5 h3 43. e6 Bh4 44. Rh1 g3 45. Rxh3 g2 46. e7 g1=Q 47. e8=Q Qg2+
48. Kd6 Qd2+ 49. Kc6 Qg2+ 50. Kc7 Qg7+ 51. Qd7+ Qxd7+ 52. Kxd7 Bf6 53. Rh2
1/2-1/2